00410nam a2200145Ia 4500008004100000020001500041041000800056082001700064100002400081245007800105250000600183260004900189300000800238650001800246210716s2001 xx 000 0 und d a8187328355 aeng a005.133 VARP aVaralakshmi, P V N. aProjects using c: with concepts and algorithms.bConcepts and algorithms. a1 aChennaibScitech Publications Pvt Ltd.c2001 a509 aC Programming